how many YAMS members can you name? (2026) - Statistics

General Stats
  • This quiz has been taken 17 times
  • The average score is 34 of 114
Answer Stats
join year total messages Answer % Correct
2023 422.3k jacob
100%
2023 163.5k zeh
100%
2025 360 bringeropizza
92%
2023 101.2k lucas
92%
2025 51.8k monika
92%
2023 90.6k nard
92%
2023 71.4k salt
92%
2023 18.8k scott
92%
2024 12.4k davidb
85%
2024 59.8k hero
85%
2024 34.3k ryn
77%
2023 208.0k sky
77%
2023 19.3k tragic
69%
2025 17.5k eminem fan
62%
2023 72.2k john
62%
2025 34.2k luri
62%
2023 55.4k shmunkles
62%
2024 2.2k bluegamerking
54%
2024 17.0k dany
54%
2023 33.5k kenji
54%
2024 24.5k laserpixel
54%
2025 13.7k maisie
54%
2023 49.6k mckenzie
54%
2023 38.1k defektro
46%
2023 43.6k gutty
46%
2023 3.5k jp
46%
2023 14.6k macaroni and trees
46%
2026 6.8k saturn
46%
2023 96.6k tyrone
46%
2023 23.6k wartle
46%
2025 149 computercake
38%
2025 17.3k dani
38%
2024 6.8k froopert
38%
2025 6.4k halbekante
38%
2024 6.2k joan
38%
2024 4.2k jordi
38%
2024 28.6k mimi
38%
2023 13.6k sayori
38%
2025 1.6k alium
31%
2025 5.2k chezburger
31%
2023 13.9k dante
31%
2023 40.0k doursen
31%
2023 4.0k gringo sterr
31%
2024 8.8k kai
31%
2025 3.4k lottie
31%
2023 6.1k matt draugos
31%
2023 1.9k oliver
31%
2023 4.3k pork
31%
2025 15.8k punponious
31%
2024 13.5k savestate
31%
2024 11.1k val
31%
2023 ??? zaine
31%
2023 8.5k alex
23%
2025 8.5k amelie
23%
2024 2.8k amer
23%
2024 12.7k cle
23%
2023 20.4k dale
23%
2023 6.5k discountjay
23%
2023 233 harvey g
23%
2023 3.5k nodata
23%
2023 ??? pop
23%
2023 4.1k strangeway
23%
2023 5.1k zoe
23%
2023 ??? alexxa
15%
2025 50 chris the ghost
15%
2025 5 corndog eatin joey
15%
2025 ??? dovey
15%
2024 168 flamingo queen
15%
2025 12.0k fox
15%
2024 6.2k haruhi
15%
2024 23.9k june
15%
2025 3.9k l tomiie
15%
2024 715 melissa
15%
2025 ??? paul
15%
2026 1.7k poststructuralist
15%
2024 26.4k ratty
15%
2025 2.5k record58
15%
2023 3.8k rye
15%
2023 15.1k seb
15%
2024 96 404
8%
2023 4.0k aiyanna
8%
2023 2.6k andre
8%
2023 3.9k catsinn
8%
2025 128 coffincrawler
8%
2023 2.8k egg
8%
2025 5.5k furfrou
8%
2024 7.2k karleas
8%
2025 977 lynn
8%
2024 11.9k mees
8%
2024 2.9k michiru
8%
2024 34 og tokezz
8%
2025 1.6k pure
8%
2024 3.0k rei
8%
2025 3.3k rose
8%
2025 2.6k vier
8%
2024 396 yaboitibsworld
8%
2023 14.6k zo4l
8%
2024 20.9k zoap
8%
2023 2.8k ashley
0%
2025 360 djbondout
0%
2024 1.8k electro
0%
2023 ??? exstatia
0%
2025 3.3k gav
0%
2023 5.8k isengrind
0%
2024 6.9k izzy
0%
2023 1.6k klara
0%
2024 2.9k logan
0%
2023 3.2k lostwithluck
0%
2023 ??? meyuh
0%
2025 3.4k smew
0%
2023 3.2k the8bitdino
0%
2024 133 underestimated
0%
2023 4.8k vix
0%
2024 4.4k zg
0%
No matching quizzes found
Score Distribution
Percent of People with Each Score
Percentile by Number Answered
Your Score History
You have not taken this quiz